00975nam a2200193 a 450000100100000000500170001000800410002704000250006808200160009324501510010926000690026030000200032970000430034904900090039295201290040195201140053095201200064499900170076400002901420200930055257.0110413s2006 dr 000 0 spa d aDO-SdBNPbspacBNPHU axxxxbR337i00aReglamento interno de políticas de recursos humanos /celaborado por Donatila Germán de Álvarez ; presentación Simón Lizardo Mézquita. aSanto Domingo :bContraloría General de la República,c2006. a38 p. ;c22 cm.1 aGermán Álvarez, Donatila de955934 aBNPD 001054708DSaGRbGRcCTd2011-04-13iLF1l0oxxxx R337ip29014-30r2020-06-25te. 3w2020-06-25yLFDSZPréstamo en sala 0010718PDaPDbPDcCTd2011-04-13iLF1l0oxxxx R337ip29014-10r2020-06-25w2020-06-25yLFPDZNo se presta 0010718PDaPDbPDcCTd2011-04-13iLF1l0oxxxx R337ip29014-20r2020-06-25te. 2w2020-06-25yLFPDZNo se presta c28506d28506